000 00595nam a2200181 i 4500
001 160706
003 ES-MaACL
005 20250816063146.0
008 041008s1883 fr |||| | fre d
100 1 _aNisard, Desiré,
_d1806-1888
_9130499
245 1 0 _aHistoire de la littérature française /
_cpar D. Nisard.
250 _a11e ed.
260 _aParis :
_bFirmin-Didot,
_c1883.
300 _a4 v. (XII, 502; 431; 456; 556 p.) ;
_c18 cm.
650 4 _aLiteratura francesa-
_xHistoria y crítica
_914586
852 _aES-MaACL
_jG-15318-21
_z- Enc. hol.
999 _c160706
_d160706